Religion Empire: (Record no. 188066)
[ view plain ]
| 000 -LEADER | |
|---|---|
| fixed length control field | 00659nam a22002057a 4500 |
| 005 - DATE AND TIME OF LATEST TRANSACTION | |
| control field | 20240823142822.0 |
| 010 ## - LCCN (DPL NO) | |
| LC control number | ENG-132569 ENG-141440 |
| 020 ## - INTERNATIONAL STANDARD BOOK NUMBER | |
| International Standard Book Number | 9788178246468 |
| Terms of availability | 1095 |
| 020 ## - INTERNATIONAL STANDARD BOOK NUMBER | |
| International Standard Book Number | 9788178246895 |
| Terms of availability | 895.00 |
| 035 ## - SYSTEM CONTROL NUMBER | |
| System control number | EN-116101 |
| 035 ## - SYSTEM CONTROL NUMBER | |
| System control number | EN-124972 |
| 037 ## - SOURCE OF ACQUISITION | |
| Source of stock number/acquisition | DBAD |
| 082 ## - DEWEY DECIMAL CLASSIFICATION NUMBER | |
| Classification number | 303.482469054 |
| 100 ## - MAIN ENTRY--PERSONAL NAME | |
| Personal name | Xavier, Angela Barreto |
| 245 ## - TITLE STATEMENT | |
| Title | Religion Empire: |
| Remainder of title | In Portuguese India/ |
| Statement of responsibility, etc | By Angela Barreto Xavier |
| 260 ## - PUBLICATION, DISTRIBUTION, ETC. (IMPRINT) | |
| Place of publication, distribution, etc | Ranikhet |
| Name of publisher, distributor, etc | Permanent Black |
| Date of publication, distribution, etc | 2022 |
| 270 ## - ADDRESS | |
| Address | Himalayana Mall Road,Ranikhet Cantt, |
| City | Ranikhet |
| Postal code | 263645 |
| 300 ## - PHYSICAL DESCRIPTION | |
| Extent | xviii,407p. |
| Dimensions | 22cm,(hbk) |
| Other physical details | Index |
| 942 ## - ADDED ENTRY ELEMENTS (KOHA) | |
| Source of classification or shelving scheme | Dewey Decimal Classification |
| Item type | English Books |
| Classification part | 303.482469054 |
| Call number suffix | XAV |
| Withdrawn status | Lost status | Not for loan | Collection code | Home library | Current library | Date acquired | Source of acquisition | Cost, normal purchase price | Full call number | Barcode | Copy number | Cost, replacement price | Koha item type |
|---|---|---|---|---|---|---|---|---|---|---|---|---|---|
| Non-fiction | Patel Nagar | Patel Nagar | 09/05/2022 | DBAD/PUB | 1095.00 | 303.482469054 XAV | EN-116101 | 1 | 1095.00 | English Books | |||
| Non-fiction | Shahdara Branch | Shahdara Branch | 23/08/2024 | DBAD | 895.00 | 303.482469054 XAV | EN-124972 | 1 | 895.00 | English Books |
